000 00744nam a2200241 a 4500
008
020 _a0231068808 (pbk.)
049 _aMAIN
090 _aQL445.2
_bCRU
245 1 0 _aCrustacean sexual biology /
_cedited by Raymond T Bauer and Joel W Martin.
260 _aNew York :
_bColumbia university press,
_c1991
300 _aix, 355 p. :
_bill. ;
_c26 cm.
504 _aIncludes bibliographical references.
500 _aIncludes index.
650 1 _aCrustacea-reproduction
_xsex(biology).
700 _aMartin, Joel W.
700 _aBauer, Raymond T.
907 _a.b10275757
_b22-03-10
_c19-03-10
003
005 20230123125018.0
040 _cNUST
942 _cBOOKS
_kQL445.2
_mCRU
999 _c134153
_d134153